000 00475nam a2200193Ia 4500
008 240509s9999 xx 000 0 und d
020 _a0000471637475
041 _aEng
082 _a005.1
082 _bF37
100 _aFISHER, Alan S.
245 0 _aCASE : using software development tools
260 _bJohn Wiley, New York
260 _c1988
300 _a287 p.
650 _acomputer aided software engineering : CASE tools
942 _2ddc
942 _cLBK
999 _c22737
_d22737
945 _a1
_bMadushi Gamage
_c1
_dMadushi Gamage